000 00607nam a22002057a 4500
001 26363
003 BD-RjUL
005 20211209051015.0
008 140322s1922 ii c 000 0 eng d
035 _a(BD-RjUL)26433
040 _aBD-RjUL
_beng
_cBD-RjUL
041 _aeng
082 _a808.5
_bGHS 1922
100 1 _aGhose, Aurobindo.
_981065
245 _aSpeeches of Aurobindo Ghose /
_cby Aurobindo Ghose
260 _aChandernagore :
_bPrabartak Publishing House,
_c1922.
300 _a250 p. :
_bport. ;
_c8 cm.
650 0 _aSpeeches, addresses, etc.,
_vIndic (English)
_981066
942 _2ddc
_cBK
999 _c26363
_d26363